00756cam a22002411 4500001001300000003000400013005001700017008004100034010001700075035001900092040002000111042001200131050001900143100002200162245005600184260001900240300003000259500011300289504003100402651002500433610003900458999001700497sa 67007791 DLC20260227112418.0770706s1965 ii b b 000 0 eng  asa 67007791  a(OCoLC)3096438 aDLCcMiGrCdDLC apremarc00aBX1647.G6bD351 aD'Costa, Anthony.14aThe Christianisation of the Goa islands, 1510-1567. aBombay,c1965. avi, 234 p.bmaps.c22 cm. a"Originally presented as a thesis ... in the Faculty of Church History of the Gregorian University at Rome." aBibliography : p. 201-207. 0aGoaxChurch history.20aCatholic ChurchzIndiazVelha Goa. c76795d76795